Welcome to CU Library Online Public Access Catalogue (OPAC)

The Ghana Law Reports 1987-88 Vol. 1 (Record no. 1345)

MARC details
000 -LEADER
fixed length control field 00483nam a22001337a 4500
005 - DATE AND TIME OF LATEST TRANSACTION
control field 20241119174722.0
008 - FIXED-LENGTH DATA ELEMENTS--GENERAL INFORMATION
fixed length control field 241119b |||||||| |||| 00| 0 eng d
020 ## - INTERNATIONAL STANDARD BOOK NUMBER
International Standard Book Number 08550840
245 ## - TITLE STATEMENT
Title The Ghana Law Reports 1987-88 Vol. 1
Statement of responsibility, etc. Cases determined by the High Court, the Court of Appeal and the Supreme Court of the Republic of Ghana
260 ## - PUBLICATION, DISTRIBUTION, ETC.
Place of publication, distribution, etc. Accra, Ghana
Name of publisher, distributor, etc. Council for Law Reporting
Date of publication, distribution, etc. 1993
300 ## - PHYSICAL DESCRIPTION
Extent xxxiv, 804 pages
Dimensions 24.5 cm
650 ## - SUBJECT ADDED ENTRY--TOPICAL TERM
Source of heading or term Law Reports
General subdivision Ghana
942 ## - ADDED ENTRY ELEMENTS (KOHA)
Source of classification or shelving scheme Library of Congress Classification
Koha item type Books
Suppress in OPAC No
999 ## -
-- 1345
-- 1345
Holdings
Withdrawn status Lost status Source of classification or shelving scheme Damaged status Not for loan Home library Current library Shelving location Date acquired Total checkouts Full call number Barcode Date last seen Copy number Price effective from Koha item type Collection Uniform resource identifier
    Library of Congress Classification     Law Library (Christ Temple) Law Library (Christ Temple) General stacks 07/28/2025   GLR87-88 VOL.1 K528.G4 GHA LLCT00000898 07/28/2025 1 07/28/2025 Books Reference Vol.1
    Library of Congress Classification     Law Library (Christ Temple) Law Library (Christ Temple) General stacks 07/28/2025   GLR87-88 VOL.1 K528.G4 GHA LLCT00000899 07/28/2025 2 07/28/2025 Books Reference Vol.1
    Library of Congress Classification     Law Library (Miotso) Law Library (Miotso) General stacks 11/19/2024   GLR 87-88 K528.G4 GHA Vol. I LLM00001109 11/19/2024 1 11/19/2024 Books    
© 2023-2024 Copyright: Central University Libraries. All Rights Reserved | Created by: Mahone Tech Office